01075nam a2200301Ia 450000500170000000800410001702000150005810000270007324501050010025000190020530000410022449000260026553400300029165000480032165000470036965000390041665000390045570000400049470000440053494200150057826400310059333600270062433700330065133800280068404000350071208400110074799900150075820220317000723.0160601s2005 ck a g 000 0 spa  a958704276X1 aSendak, Mauriced1928-10aDonde viven los monstruos ctexto e ilustraciones Maurice Sendak ; traducción bAgustín Gervás a1a. edición  a38 páginasbilustraciones c24 cm  aNidos para la lectura tWhere the wild things are142LEMBaÁlbumes infantiles estadounidenses 142LEMB aLiteratura infantil estadounidense 142LEMB aMonstruos en la literatura 142LEMB aAventuras en la literatura 1 aSendak, Mauriceeilustrador 9534041 aGervás, Agustín,etraductor 953405 2loccBKINF aBogotá bAlfaguarac2005 atextobtxt2rdacontent asin mediaciónbn2rdamedia avolumenbnc2rdacarrier aCO-BoRNBPbspaerdacCO-BoRNBP aA SEN1 c4872d4872